| Tag |
First Indicator |
Second Indicator |
Subfields |
| LEADER |
00000cam a2200000 i 4500 |
| 001 |
in00003432011 |
| 005 |
20211120172841.0 |
| 006 |
m o d f |
| 007 |
cr mn||||||||| |
| 008 |
141224s2011 dcu ob f000 0 eng c |
| 035 |
|
|
|a (OCoLC)ocn898736374
|
| 040 |
|
|
|a GPO
|b eng
|e rda
|e pn
|c GPO
|d MvI
|d UtOrBLW
|
| 042 |
|
|
|a pcc
|
| 043 |
|
|
|a n-us---
|
| 049 |
|
|
|a WWW
|
| 074 |
|
|
|a 0744-E-02 (online)
|
| 086 |
0 |
|
|a L 1.74/3:18-11-004-03-390
|
| 110 |
1 |
|
|a United States.
|b Department of Labor.
|b Office of the Inspector General.
|b Office of Audit,
|e author.
|
| 245 |
1 |
0 |
|a Recovery Act, slow pace placing workers into jobs jeopardizes employment goals of the green jobs program /
|c U.S. Department of Labor, Office of Inspector General, Office of Audit, Employment and Training Administration.
|
| 246 |
1 |
7 |
|a Recovery Act: green jobs program
|
| 264 |
|
1 |
|a [Washington, D.C.] :
|b U.S. Department of Labor, Office of Inspector General, Office of Audit, Employment and Training Administration,
|c 2011.
|
| 300 |
|
|
|a 1 online resource (4 unnumbered pages, 73 pages)
|
| 336 |
|
|
|a text
|b txt
|2 rdacontent
|
| 337 |
|
|
|a computer
|b c
|2 rdamedia
|
| 338 |
|
|
|a online resource
|b cr
|2 rdacarrier
|
| 500 |
|
|
|a Title from title screen (viewed Nov. 21, 2014).
|
| 500 |
|
|
|a "September 30, 2011."
|
| 504 |
|
|
|a Includes bibliographical references.
|
| 500 |
|
|
|a "Report number: 18-11-004-03-390."
|
| 650 |
|
0 |
|a Job creation
|z United States.
|
| 650 |
|
0 |
|a Occupational training
|x Standards
|z United States.
|
| 650 |
|
0 |
|a Public records
|x Management
|x Evaluation.
|
| 650 |
|
0 |
|a Auditors' reports
|z United States.
|
| 710 |
1 |
|
|a United States.
|b Employment and Training Administration.
|
| 856 |
4 |
0 |
|u https://purl.fdlp.gov/GPO/gpo53460
|t 0
|
| 999 |
|
|
|a MARS
|
| 999 |
f |
f |
|s b9cdc2f4-87e7-3120-805b-c69c2d6150be
|i 91ab0457-48c7-3102-80f1-3a9ae265d12b
|t 0
|
| 952 |
f |
f |
|a Texas A&M University
|b College Station
|c Electronic Resources
|d Available Online
|t 0
|e L 1.74/3:18-11-004-03-390
|h Superintendent of Documents classification
|
| 998 |
f |
f |
|a L 1.74/3:18-11-004-03-390
|t 0
|l Available Online
|